| 000 | 00000nas##2200000za#4500 |
| 001 | 9.500898 |
| 003 | CaOODSP |
| 005 | 20200325122140 |
| 007 | cr ||||||||||| |
| 008 | 150406c2002||||xxc|| m o||||f| |0fre|d |
| 040 | |aCaOODSP|bfre |
| 043 | |an-cn--- |
| 086 | 1 |aMP32-30F-PDF |
| 110 | 1 |aCanada.|bDéveloppement des ressources humaines Canada. |
| 245 | 10|aPolitique stratégique, série des documents techniques |h[ressource électronique] |
| 260 | |aOttawa - Ontario : |bDéveloppement des ressources humaines Canada |
| 310 | |aIrrégulier |
| 775 | 08|tStrategic policy technical paper series |w(CaOODSP)9.504479 |
| 776 | 0#|tPolitique stratégique, document technique |w(CaOODSP)9.513151 |